000
00322nam a22001337a 4500
008
170622b xxu||||| |||| 00| 0 eng d
020
_a
1884907989
050
_a
PN6071
_b
.B88 1981
100
_a
Butler, Rae
245
_a
Arabesque/
_c
Rae Butler
260
_a
USA:
_b
Plantation;
_c
1981
300
_a
292p.
942
_2
lcc
_c
BK
999
_c
50858
_d
50858